Normal view
MARC view
Entry Personal Name
001 - CONTROL NUMBER
- control field: 18310
003 - CONTROL NUMBER IDENTIFIER
- control field: OSt
005 - DATE AND TIME OF LATEST TRANSACTION
- control field: 20260123005114.0
008 - FIXED-LENGTH DATA ELEMENTS
- fixed length control field: 260123|| aca||aabn | a|a d
040 ## - CATALOGING SOURCE
- Original cataloging agency: OSt
- Transcribing agency: OSt
100 ## - HEADING--PERSONAL NAME
- Personal name: Noveno, Hillard D., author
670 ## - SOURCE DATA FOUND
- Source citation: Work cat.: (OSt): De Jesus, Eunice Rain E., author. 18306, The workplace environment, employees' retention, and performance : a focus on non-voiced BPO employees for an enhance staff development program (SDP) /, 2023.
